| 000 | 00000nam##2200000za#4500 |
| 001 | 9.575602 |
| 003 | CaOODSP |
| 005 | 20210624184737 |
| 007 | cr ||||||||||| |
| 008 | 150406|1998||||xxc|||||o f|0| 0 eng|d |
| 040 | |aCaOODSP|beng |
| 043 | |an-cn--- |
| 086 | 1 |aCS96-321/3-1998E-PDF |
| 245 | 00|aEducation in Canada : |h[electronic resource]|brecent trends and future challenges / |c[by] Neil Guppy and Scott Davies. Co-published with ITP Nelson. |
| 260 | |aOttawa - Ontario : |bStatistics Canada |c1998. |
| 490 | 1 |a1991 Census monograph series|vNo. 3 |
| 500 | |aHistorical census publication digitized by Statistics Canada. |
| 590 | |a13-04-Supp|b2013-02-13 |
| 690 | 07|aCensus data|2gcpds |
| 690 | 07|aEducation|2gcpds |
| 710 | 2 |aStatistics Canada. |
| 775 | 08|tL'éducation au Canada : |w(CaOODSP)9.605101 |
| 776 | 0#|tEducation in Canada : |w(CaOODSP)9.614637 |
| 830 | #0|a1991 Census monograph series ;|vNo. 3|w(CaOODSP)9.507385 |
| 856 | 40|ahttp://publications.gc.ca|qPDF|s7.7 MB|uhttps://publications.gc.ca/collections/collection_2012/statcan/rh-hc/CS96-321-3-1998-eng.pdf|yNo. 3 |